=LDR 00000nam 2200000 4500 =001 NUTBA000000000002159 =005 20231212120227 =035 ##$$a 0010-061400000000102 =008 231212################g##########0#ind## =020 ##$$a 979-538-118-0 =082 ##$$a 177 =090 ##$$a 173 Sri p =100 ##$$a Dirdjosisworo, Soedjono =245 1#$$a Esensi moralitas dalam sosilogisme : $b Studi tentang korelasi sosiologi, psikologi dan filsafat /$c Prof. DR. Soedjono Dirdjosisworo =260 ##$$a BANDUNG :$b MANDAR MAJU,$c 1996 =300 ##$$a xvi, 172 hlm. ; $c 21 x 15 cm. =084 ##$$a 177 DIR e =250 ##$$a Cet. 1 =990 ##$$a 30617830 =990 ##$$a 30617827 =990 ##$$a 30617828 =990 ##$$a 30617829